00549nam a22001697a 4500020001800000040000900018082001600027100002800043110006400071245002300135250001600158260003700174650003000211942001200241999001900253952010700272 a9780070078062 cNUST a658.562 QUA aGitlow, Howard S985084 aOppenheim, Alan J. Oppenheim, Rosa. Levine, David M9112208 aQuality Management a3rd Edition aMc Graw Hill:bNew Dehli,c2009. aQuality Management961140 2ddccBK c594707d594707 00102ddc4070aCEMEbCEMEcGENd2023-05-09o658.562 QUApCEME-45152r2023-05-09w2023-05-09yBKz1.6